Singularities of differentiable maps /
Zapisane w:
| 1. autor: | |
|---|---|
| Kolejni autorzy: | , |
| Format: | Książka |
| Język: | English Russian |
| Wydane: |
Boston :
Birkhäuser,
1985-1988.
|
| Seria: | Monographs in mathematics ;
v. 82-83. |
| Hasła przedmiotowe: |
| LEADER | 01893cam a2200433 a 4500 | ||
|---|---|---|---|
| 001 | c000266055 | ||
| 003 | CARM | ||
| 005 | 20070731153522.0 | ||
| 008 | 840523m19851988mau b 001 0 eng | ||
| 010 | |a 84012134 | ||
| 019 | 1 | |a 3225898 |z 12423397 |5 LACONCORD2021 | |
| 020 | |a 3764331879 | ||
| 020 | |a 0817631879 (v. 1) | ||
| 020 | |a 0817631852 (v. 2) | ||
| 035 | |a (OCoLC)10825307 |5 LACONCORD2021 | ||
| 040 | |a LC |b eng |c LC | ||
| 041 | 1 | |a eng |h rus | |
| 050 | 0 | 0 | |a QA614.58 |b .A7513 1985 |
| 082 | 0 | 4 | |a 514/.72 |2 19 |
| 100 | 1 | |a Arnolʹd, V. I. |q (Vladimir Igorevich), |d 1937- | |
| 240 | 1 | 0 | |a Osobennosti different͡siruemykh otobrazheniĭ. |l English |
| 245 | 1 | 0 | |a Singularities of differentiable maps / |c V.I. Arnold, S.M. Gusein-Zade, A.N. Varchenko. |
| 260 | |a Boston : |b Birkhäuser, |c 1985-1988. | ||
| 300 | |a 2 v. ; |c 23 cm. | ||
| 490 | 1 | |a Monographs in mathematics ; |v vol. 82-83. | |
| 500 | |a Translation of: Osobennosti different͡siruemykh otobrazheniĭ. | ||
| 504 | |a Includes bibliographies and indexes. | ||
| 505 | 0 | |a v. 1. The classification of critical points, caustics and wave fronts -- v. 2. Monodromy and asymptotic of integrals. | |
| 546 | |a Translation of: Osobennosti differentsiruemykh otobrazhenii. | ||
| 650 | 0 | |a Differentiable mappings. | |
| 650 | 0 | |a Singularities (Mathematics) | |
| 700 | 1 | |a Guseĭn-Zade, S. M. |q (Sabir Medzhidovich) | |
| 700 | 1 | |a Varchenko, A. N. |q (Aleksandr Nikolaevich) | |
| 830 | 0 | |a Monographs in mathematics ; |v v. 82-83. | |
| 852 | 8 | |b CARM |h A1:AN07F0 |i C09657 |p 0385070 |f BK | |
| 852 | 8 | |b CARM |h A1:AN07F0 |i C09657 |p 0385074 |f BK | |
| 999 | f | f | |i 0926d17f-30d2-5ede-b3f6-019e723216c1 |s 7255ed17-09f8-5b0f-9399-21f2476f8fe6 |
| 952 | f | f | |p Can circulate |a CAVAL |b CAVAL |c CAVAL |d CARM 1 Store |e C09657 |f A1:AN07F0 |h Other scheme |i book |j v.1 |m 0385074 |
| 952 | f | f | |p Can circulate |a CAVAL |b CAVAL |c CAVAL |d CARM 1 Store |e C09657 |f A1:AN07F0 |h Other scheme |i book |j v.2 |m 0385070 |